| 000 | 00549pam a2200157a 44500 | ||
|---|---|---|---|
| 008 | 230515b2012 xxu||||| |||| 00| 0 eng d | ||
| 020 | _aNULL | ||
| 041 | _aENGLISH | ||
| 082 | _aND | ||
| 100 | _aMS. EKTA SHINDE | ||
| 245 | _a"A STUDY TO ASSESS THE EFFECT OF SELF INSTRUCTIONAL MODLE OF KNOWLEDGE REGARDING EXPRESSION AND STORAGE OF BREAST MILK AMONG POSTNATAL WORKING WOMEN RESIDING IN SELECTED AREAS OF PIMPRI CHINCHAWAD MUNICIPAL CORPORATIN , PUNE CITY" | ||
| 250 | _a0 | ||
| 260 |
_a _bDR D Y PATIL _c2012 |
||
| 300 | _a130 | ||
| 650 | _aNULL | ||
| 999 |
_c531020 _d531020 |
||